000 00556nam a22001577a 4500
003 NUST
082 _a670
100 _a Sabir ,Muhammad Shahid Nadeem
_9122278
245 _aPortable Hybrid High Efficiency Irrigation System /
_cMuhammad Shahid Nadeem Sabir
264 _aIslamabad:
_bSMME- NUST.
_c2020.
300 _a52P. ;
_bSoft Copy,
_c30cm.
650 _aMS Design and Manufacturing Engineering
_9119567
700 _aSupervisor : Dr. Emad Uddin
_9119529
856 _u http://10.250.8.41:8080/xmlui/handle/123456789/23268
942 _2ddc
_cTHE
999 _c608784
_d608784